[Event "Werner-Ott-Open Kreuzberger Sommer 2018"]
[Site "Berlin"]
[Date "2018.07.01"]
[Round "2.18"]
[White "Werner, Dimo"]
[Black "Hecht, Uwe"]
[Result "1-0"]
[WhiteElo "2012"]
[BlackElo "1774"]
[Annotator "Lange,A1&BB_R_640941"]
[PlyCount "81"]
[EventDate "2018.06.30"]
[EventType "swiss"]
[EventRounds "9"]
[EventCountry "GER"]
[SourceTitle "WOOKS_2018_R2"]
[Source "Andreas Lange"]
[SourceDate "2018.07.01"]
[SourceVersion "1"]
[SourceVersionDate "2018.07.01"]
[SourceQuality "1"]
[WhiteTeam "TSV Schott Mainz"]
[BlackTeam "SC Kreuzberg"]
[WhiteTeamCountry "GER"]
[BlackTeamCountry "GER"]

{[%mdl 8192] A21: Englische Eröffnung} 1. c4 e5 2. Nc3 Nf6 3. g3 Bb4 4. Bg2
Bxc3 (4... c6 5. a3 Bxc3 6. bxc3 d5 7. cxd5 cxd5 8. d4 e4 9. c4 O-O 10. cxd5
Re8 11. Bg5 Qxd5 12. Bxf6 gxf6 13. e3 Qa5+ 14. Qd2 Qxd2+ 15. Kxd2 b6 16. Ne2
Bb7 17. Rhc1 f5 18. Nc3 Nc6 19. Bh3 {Oginski,U (1882)-Abraham,H (1488) Berlin,
Lichtenberger Sommer 2017 1-0}) 5. bxc3 d6 $146 (5... O-O 6. Rb1 (6. d3 Nc6 7.
e4 d6 8. Ne2 Ne7 9. O-O Ng6 10. Rb1 {Gaerths,R-Friedel,M, Berlin, SKZ-Open
2013, 1-0 (34)}) 6... Nc6 (6... c6 7. d3 d6 8. e4 Qa5 9. Qc2 {Gestrich,W (1723)
-Noakes,G (1059), Berlin, Lichtenberger Sommer 2009, 1-0 (48)}) 7. e4 d6 8. Ne2
a6 9. O-O b5 10. d4 {Apel,S (2305)-Paulsen,D (2315), 2. Bundesliga Nord 1994/
95, Deutschland 1995, 1-0 (48)}) 6. Nf3 Nc6 7. d4 h6 8. dxe5 Nxe5 9. Nxe5 dxe5
10. Qa4+ Bd7 11. Qa5 O-O 12. Bxb7 Rb8 13. Bg2 Re8 14. O-O Be6 15. Be3 e4 16.
Rfd1 Qc8 17. Bd4 Bxc4 18. Bxf6 gxf6 19. Rd4 Bxe2 20. Rxe4 Rxe4 21. Bxe4 Rb5 22.
Qxa7 Rh5 23. Qa8 Qxa8 24. Bxa8 Ra5 25. Be4 f5 26. Bc2 Bc4 27. a4 Kg7 28. f4 Be6
29. Kf2 Rc5 30. Ra3 Bc4 31. Ke3 Kf6 32. a5 Rc6 33. Bd3 Bxd3 34. Kxd3 Ra6 35.
Kc4 c6 36. Kb4 Kg6 37. c4 Kf6 38. Re3 Kg6 39. Re7 f6 40. Rb7 c5+ 41. Kb5 1-0

[Event "Werner-Ott-Open Kreuzberger Sommer 2018"]
[Site "Berlin"]
[Date "2018.07.01"]
[Round "2.19"]
[White "Woinowski, Michael"]
[Black "Heerde, Thomas"]
[Result "0-1"]
[WhiteElo "1788"]
[BlackElo "2010"]
[Annotator "Lange,A1&BB_R_640941"]
[PlyCount "56"]
[EventDate "2018.06.30"]
[EventType "swiss"]
[EventRounds "9"]
[EventCountry "GER"]
[SourceTitle "WOOKS_2018_R2"]
[Source "Andreas Lange"]
[SourceDate "2018.07.01"]
[SourceVersion "1"]
[SourceVersionDate "2018.07.01"]
[SourceQuality "1"]
[WhiteTeam "SC Kreuzberg"]
[BlackTeam "SC Weisse Dame"]
[WhiteTeamCountry "GER"]
[BlackTeamCountry "GER"]

{[%mdl 8256] B23: Sizilianisch (Geschlossenes System)} 1. e4 g6 2. Nc3 Bg7 3.
f4 c5 $146 (3... c6 4. Nf3 d5 5. e5 c5 6. Bb5+ (6. d4 cxd4 7. Nxd4 Nc6 8. Be3
a6 {Witte,M-Schroeter, Bundesliga Nord 1975/76, Deutschland 1975, 1-0 (31)})
6... Nc6 7. Bxc6+ bxc6 8. d3 Nh6 {Johnke,S (2026)-Brustkern,J (2287), Berlin,
Lichtenrader Herbst 2017, ½-½ (55)}) (3... e6 4. Nf3 Ne7 5. d4 c6 6. Be3 Qb6
7. Qd2 d5 8. e5 Nf5 9. Bf2 h5 10. Na4 Qc7 {Heerde,T-Nuristani,A, Berlin,
Harald-Lieb-Gedenkturnier 2015, 1-0}) 4. Nf3 e6 5. Bc4 Ne7 6. O-O O-O 7. e5 d6
8. d4 cxd4 9. Nb5 dxe5 10. fxe5 Nbc6 11. Qe1 a6 12. Na3 Qc7 13. Bf4 Nf5 14. Bd3
Ne3 $1 15. Qg3 $6 Nxf1 16. Rxf1 b5 17. Nb1 Bb7 18. Nbd2 Nb4 19. Ng5 Nd5 $5 20.
Qh4 h6 21. Bxg6 fxg6 22. Nxe6 Qc6 23. Nxd4 Qb6 24. c3 g5 25. Bxg5 Rxf1+ 26.
Nxf1 hxg5 27. Qxg5 Qh6 28. Qg4 Qf4 0-1

[Event "Werner-Ott-Open Kreuzberger Sommer 2018"]
[Site "Berlin"]
[Date "2018.07.01"]
[Round "2.20"]
[White "Woerz, Markus"]
[Black "Kreuchauf, Olaf"]
[Result "1-0"]
[WhiteElo "2007"]
[BlackElo "1693"]
[Annotator "Lange,A1&BB_R_640941"]
[PlyCount "87"]
[EventDate "2018.06.30"]
[EventType "swiss"]
[EventRounds "9"]
[EventCountry "GER"]
[SourceTitle "WOOKS_2018_R2"]
[Source "Andreas Lange"]
[SourceDate "2018.07.01"]
[SourceVersion "1"]
[SourceVersionDate "2018.07.01"]
[SourceQuality "1"]
[WhiteTeam "SC Kreuzberg"]
[BlackTeam "SC Eintracht Berlin"]
[WhiteTeamCountry "GER"]
[BlackTeamCountry "GER"]

{[%mdl 64] B04: Aljechin-Verteidigung (Moderne Variante)} 1. e4 Nf6 2. e5 Nd5
3. d4 d6 4. Nf3 dxe5 5. Nxe5 c6 6. Be2 Bf5 7. O-O (7. g4 {Almasi,Z (2672)
-Luther,T (2538), 1. Bundesliga 2002/03, Erfurt 2002, ½-½ (78)}) (7. a3 Nd7
8. Nf3 e6 9. c4 N5f6 10. Nc3 Bd6 11. Bg5 Qc7 12. d5 exd5 13. cxd5 O-O 14. dxc6
bxc6 15. Rc1 a6 16. O-O Rfe8 17. h3 h6 18. Be3 Red8 19. b4 Nf8 20. Qb3 Ne6 21.
Rfd1 Bf4 {Woerz,M (1949)-Lerch,P (2241), Berlin, Lichtenberger Sommer 2014
½-½ (51)}) 7... Nd7 8. Nf3 e6 9. Re1 $146 (9. a3 Bd6 (9... Be7 10. c4 N5f6
11. Nc3 h6 12. d5 exd5 13. cxd5 cxd5 14. Nxd5 O-O 15. Bf4 Bc5 16. b4 Bb6 17.
Rc1 Be4 18. Nxb6 Nxb6 19. Qxd8 Rfxd8 20. Rfd1 Nfd5 {½-½ (20) Joachim,S (2393)
-Seils,J (2326), 2. Bundesliga Nord 2015/16, Bremen 2016}) 10. g3 h6 11. c4
N5f6 12. Nc3 O-O 13. Bd3 Bg4 14. Kg2 e5 15. Be2 exd4 16. Qxd4 Nc5 17. Bf4 Bxf4
18. Qxf4 Ne6 19. Qc1 Qc8 20. Rd1 Re8 21. Qc2 Bxf3+ 22. Bxf3 Ng5 23. Qd3 Qh3+ {
Priebe,J (2285)-Luch,M (2398), 2. Bundesliga Nord 2017/18, Berlin 2017 0-1}) (
9. c4 Nb4 10. a3 Nc2 11. Ra2 Nxd4 12. Qxd4 Bxb1 13. Bg5 f6 14. Rxb1 fxg5 15.
Qg4 Qf6 16. Nxg5 Qg6 17. Re1 O-O-O 18. Qf3 e5 19. Nf7 Bc5 20. Nxh8 Rxh8 21. Bd3
{1-0 (21) Nekrasov,M (2394)-Clemens,C (2211), Berlin, DSenMMdLV 2015}) 9... Bd6
10. g3 O-O 11. Nh4 Ne7 12. Bf1 Re8 13. Nc3 Rc8 14. Nxf5 exf5 15. Qf3 Nf8 16.
Bd3 Ne6 17. Be3 g6 18. Rad1 Nc7 19. Bg5 Qd7 20. Ne2 Ne6 21. Bc1 Nd5 22. c4 Ndc7
23. Bd2 Bf8 24. Be3 b6 25. Bc2 b5 26. d5 cxd5 27. cxd5 Nd8 28. Bb3 a5 29. a3
Na6 30. Rc1 Nc5 31. Bc2 b4 32. axb4 axb4 33. Nd4 Ne4 34. Bb3 Nc5 35. Bc4 Ne4
36. Bb5 Rxc1 37. Bxd7 Rxe1+ 38. Kg2 Re7 39. Bb5 Rb7 40. Bd3 Nc5 41. Bc4 Ne4 42.
Nxf5 $1 gxf5 43. Qxf5 Nd6 44. Qg5+ 1-0

[Event "Werner-Ott-Open Kreuzberger Sommer 2018"]
[Site "Berlin"]
[Date "2018.07.02"]
[Round "3.1"]
[White "Stern, Rene"]
[Black "Kirchhof, Arno"]
[Result "1-0"]
[WhiteElo "2510"]
[BlackElo "2041"]
[Annotator "Lange,A1&BB_R_640941"]
[PlyCount "83"]
[EventDate "2018.06.30"]
[EventType "swiss"]
[EventRounds "9"]
[EventCountry "GER"]
[SourceTitle "WOOKS_2018_R3"]
[Source "Andreas Lange"]
[SourceDate "2018.07.02"]
[SourceVersion "2"]
[SourceVersionDate "2018.07.02"]
[SourceQuality "1"]
[WhiteTeam "SK Koenig Tegel 1949"]
[BlackTeam "SC Zugzwang 95"]
[WhiteTeamCountry "GER"]
[BlackTeamCountry "GER"]

{[%mdl 64] D53: Damengambit (Hauptvariante, Abweichungen)} 1. Nf3 d5 2. d4 Nf6
3. c4 e6 4. Nc3 Be7 5. Bg5 h6 6. Bxf6 Bxf6 7. e3 c6 8. Qc2 $146 (8. Qd2 Nd7 {
Riazantsev,A (2646)-Bindrich,F (2594) Berlin Meierei Bolle Blitz WM 2015 ½-½
(58)}) 8... Nd7 9. cxd5 exd5 10. Bd3 Be7 11. O-O-O Nf6 12. h3 Be6 13. Ne5 Qa5
14. Kb1 Nd7 15. f4 Nxe5 16. fxe5 O-O-O 17. Bf5 Bb4 18. Ne2 Bd7 19. Nf4 Rhe8 20.
Rhf1 g6 21. Bxd7+ Rxd7 22. e6 $1 fxe6 23. Qxg6 Rde7 24. Qxh6 e5 25. Ng6 Re6 26.
dxe5 Qb5 27. Qh5 Bd2 28. Qf5 Bc3 29. Rf2 Kb8 30. Nf8 R6e7 31. e6 Bg7 32. Nd7+
Ka8 33. Qg4 a5 34. Rc2 b6 35. a4 Qb3 36. e4 d4 37. e5 Qxe6 38. Qxd4 c5 39. Qd6
Qxd6 40. Rxd6 Bxe5 41. Nxe5 Rxe5 42. Rxb6 1-0

[Event "Werner-Ott-Open Kreuzberger Sommer 2018"]
[Site "Berlin"]
[Date "2018.07.02"]
[Round "3.12"]
[White "Gebigke, Martin"]
[Black "Bui, Bao Anh Le"]
[Result "0-1"]
[WhiteElo "2050"]
[BlackElo "1883"]
[Annotator "Lange,A1&BB_R_640941"]
[PlyCount "68"]
[EventDate "2018.06.30"]
[EventType "swiss"]
[EventRounds "9"]
[EventCountry "GER"]
[SourceTitle "WOOKS_2018_R3"]
[Source "Andreas Lange"]
[SourceDate "2018.07.02"]
[SourceVersion "2"]
[SourceVersionDate "2018.07.02"]
[SourceQuality "1"]
[WhiteTeam "SC Kreuzberg"]
[BlackTeam "SV Mattnetz Berlin"]
[WhiteTeamCountry "GER"]
[BlackTeamCountry "GER"]

{E04: Katalanisch} 1. d4 d5 2. c4 e6 3. Nf3 c6 4. g3 Nf6 5. Bg2 Nbd7 6. O-O
dxc4 7. Qc2 b5 (7... Be7 8. Qxc4 O-O 9. Rd1 Qb6 10. Nc3 Qb4 11. Qd3 c5 12. a3
Qb6 13. Be3 cxd4 14. Bxd4 Qa5 15. b4 Qh5 16. Nb5 e5 17. Nc7 exd4 18. Nxa8 Bd6
19. Qxd4 Bb8 20. Rac1 Ne5 21. Rxc8 {1-0 (21) Gebigke,M (2121)-Paul,R (2033),
Berlin, Eckbauer Open 2016}) 8. b3 Bb7 9. bxc4 bxc4 10. Qxc4 c5 11. Ba3 Rc8 12.
Qa4 Qb6 13. Nbd2 Qa6 14. Qxa6 Bxa6 15. Rfe1 c4 16. Bxf8 Kxf8 17. e4 Ke7 18. d5
e5 19. Nh4 g6 20. f4 Kd6 21. Nhf3 Rhe8 22. Bh3 Rc7 23. Rac1 c3 24. Nb3 exf4 25.
Bxd7 Kxd7 26. d6 Rc4 27. e5 Nd5 28. e6+ Rxe6 29. Ne5+ Kxd6 30. Nxc4+ Bxc4 31.
Rxe6+ fxe6 32. gxf4 Bxb3 33. axb3 Kc5 34. Kf2 Kb4 0-1

[Event "Werner-Ott-Open Kreuzberger Sommer 2018"]
[Site "Berlin"]
[Date "2018.07.03"]
[Round "4.1"]
[White "Hacker, Jonas"]
[Black "Stern, Rene"]
[Result "0-1"]
[WhiteElo "2291"]
[BlackElo "2510"]
[Annotator "Lange,A1&BB_R_640941"]
[PlyCount "64"]
[EventDate "2018.06.30"]
[EventType "swiss"]
[EventRounds "9"]
[EventCountry "GER"]
[SourceTitle "WOOKS_2018_R4"]
[Source "Andreas Lange"]
[SourceDate "2018.07.03"]
[SourceVersion "1"]
[SourceVersionDate "2018.07.03"]
[SourceQuality "1"]
[WhiteTeam "SC Eppingen"]
[BlackTeam "SK Koenig Tegel 1949"]
[WhiteTeamCountry "GER"]
[BlackTeamCountry "GER"]

{C91: Spanische Partie (Abweichungen von der Hauptvariante)} 1. e4 e5 2. Nf3
Nc6 3. Bb5 a6 4. Ba4 Nf6 5. O-O Be7 6. Re1 b5 7. Bb3 d6 8. c3 O-O 9. d4 Bg4 10.
d5 Na5 11. Bc2 c5 12. dxc6 $146 (12. Nbd2 Qc7 13. h3 Bd7 14. Nf1 c4 15. Ng3 g6
16. Bh6 Rfe8 17. Qd2 Kh8 18. Ng5 Kg8 19. Nf3 Nb7 20. Rad1 Rad8 21. Kh1 Bc8 22.
Qe3 Qc5 23. Nh2 Qxe3 24. Bxe3 Bd7 25. f4 exf4 26. Bxf4 Kg7 {Cichon,J (1815)
-Allgaier,E (2030), Berlin, Offene BSenEM 2018, 0-1 (50)}) 12... Nxc6 13. h3
Be6 14. Nbd2 h6 15. Nf1 Re8 16. Ne3 Bf8 17. a4 Qb6 18. b3 Rac8 19. Nd2 d5 20.
exd5 Nxd5 21. Nxd5 Bxd5 22. axb5 axb5 23. Ne4 Ne7 24. Bb2 Red8 25. Qe2 Ng6 26.
Qe3 Qc6 27. c4 bxc4 28. bxc4 Qxc4 29. Bd3 Qb3 30. Reb1 Nf4 31. Bc3 Rxc3 32.
Nxc3 Qxc3 0-1

[Event "Werner-Ott-Open Kreuzberger Sommer 2018"]
[Site "Berlin"]
[Date "2018.07.03"]
[Round "4.2"]
[White "Ahmadinia, Ebrahim"]
[Black "Federau, Juergen"]
[Result "1-0"]
[WhiteElo "2415"]
[BlackElo "2127"]
[Annotator "Lange,A1&BB_R_640941"]
[PlyCount "75"]
[EventDate "2018.06.30"]
[EventType "swiss"]
[EventRounds "9"]
[EventCountry "GER"]
[SourceTitle "WOOKS_2018_R4"]
[Source "Andreas Lange"]
[SourceDate "2018.07.03"]
[SourceVersion "1"]
[SourceVersionDate "2018.07.03"]
[SourceQuality "1"]
[WhiteTeam "SF Berlin 1903"]
[BlackTeam "SC Kreuzberg"]
[WhiteTeamCountry "GER"]
[BlackTeamCountry "GER"]

{[%mdl 64] B52: Sizilianisch (Rossolimo-Variante)} 1. e4 c5 2. Nf3 d6 3. Bb5+
Bd7 4. Bxd7+ Qxd7 5. c4 Nc6 6. d4 cxd4 7. Nxd4 g6 8. b3 $146 (8. Nc3 Bg7 9. Be3
Ne5 10. b3 e6 11. Rc1 b6 12. O-O Ne7 13. f3 O-O 14. Qd2 d5 15. cxd5 exd5 16.
Nde2 dxe4 17. Qxd7 Nxd7 18. Nxe4 Nf6 19. Nxf6+ Bxf6 20. Rfd1 Rfd8 21. Kf2 Nd5
22. Bd4 Bg5 {Jecht,C (1903)-Schroeter,M (1876), Berlin, Lichtenberger Sommer
2017, 0-1 (45)}) (8. O-O Bg7 9. Be3 Nf6 10. f3 Rc8 11. b3 O-O 12. Nc3 b6 13.
Qd2 Rfd8 14. Rfd1 Qb7 15. Rac1 Rd7 16. Qf2 Qb8 17. Rc2 Rb7 18. Rdc1 Nd7 19. Nd5
Nde5 20. Rd1 e6 21. Nc3 a6 22. Rcd2 b5 {Sarakauskas,G (2281)-Muse,D (2350),
Berlin, Staedtewettkampf Berlin-Vilnius 1999, 0-1 (42)}) 8... Nf6 9. Nc3 Bg7
10. Bb2 O-O 11. O-O a6 12. Nxc6 bxc6 13. Na4 Qe6 14. Re1 Nd7 15. Bxg7 Kxg7 16.
Qd4+ Qe5 17. Qe3 Nc5 18. f4 Qh5 19. Nc3 Ne6 20. Rad1 Qg4 21. Rf1 h5 22. f5 Qg5
23. Qf2 Nd8 24. c5 Qf6 25. Qe3 g5 26. e5 dxe5 27. Ne4 Qh6 28. f6+ exf6 29. Rxf6
Qxf6 30. Nxf6 Kxf6 31. Rf1+ Kg6 32. Qxe5 f6 33. Qe7 Rf7 34. Qe8 Kg7 35. Rd1 Rf8
36. Rd7+ Nf7 37. Rxf7+ $1 Rxf7 38. Qxa8 1-0

[Event "Werner-Ott-Open Kreuzberger Sommer 2018"]
[Site "Berlin"]
[Date "2018.07.03"]
[Round "4.3"]
[White "Kather, Yannick"]
[Black "Malek, Daniel"]
[Result "1-0"]
[WhiteElo "2053"]
[BlackElo "2383"]
[Annotator "Lange,A1&BB_R_640941"]
[PlyCount "155"]
[EventDate "2018.06.30"]
[EventType "swiss"]
[EventRounds "9"]
[EventCountry "GER"]
[SourceTitle "WOOKS_2018_R4"]
[Source "Andreas Lange"]
[SourceDate "2018.07.03"]
[SourceVersion "1"]
[SourceVersionDate "2018.07.03"]
[SourceQuality "1"]
[WhiteTeam "SC Weisse Dame"]
[BlackTeam "SK Zehlendorf"]
[WhiteTeamCountry "GER"]
[BlackTeamCountry "GER"]

{[%mdl 8192] C11: Französische Verteidigung} 1. e4 e6 2. d4 d5 3. Nc3 Nf6 4. e5
Nfd7 5. f4 c5 6. Nf3 Be7 7. Be3 b6 8. Qd2 O-O (8... Nc6 9. Be2 f6 10. exf6 Nxf6
11. Bb5 Qc7 12. Ne5 Bb7 13. O-O-O a6 14. Be2 c4 15. g4 b5 16. g5 b4 17. Na4 c3
{Kleinert,M (1888)-Albrecht,R (2038), Berlin, Offene BSenEM 2017 0-1}) 9. Nd1
a5 $146 (9... Qc7 10. c3 a5 11. a3 Nc6 12. f5 $6 exf5 13. Bf4 Re8 14. Kf2 Nf8
15. Ne3 Be6 {Lampe,D (2262)-Richter,M (2511), 2. Bundesliga Nord 2014/15,
Berlin 2015 0-1 (49)}) 10. c3 a4 11. Be2 Ba6 12. O-O Bxe2 13. Qxe2 Nc6 14. f5
$5 exf5 15. Qd2 $5 Na5 $6 16. Qc2 g6 17. Qxa4 c4 18. Qb5 Nb3 19. axb3 $5 Rxa1
20. Qxd5 cxb3 21. Qxb3 Kg7 22. c4 Qa8 23. Nc3 Rxf1+ 24. Kxf1 Rc8 25. Nd5 Bd8
26. Qb5 Qc6 27. Qxc6 Rxc6 28. b3 h6 29. Ke2 g5 30. h3 f4 31. Bf2 Kg6 32. Kd3
Kf5 33. g4+ fxg3 34. Bxg3 Rc8 35. Ne3+ Kg6 36. Ke4 Ra8 37. b4 Ra4 38. b5 Ra3
39. Nd2 f6 40. exf6 Nxf6+ 41. Kf3 Rd3 42. Ke2 Rxd4 43. Nf3 Re4 44. Ne5+ $1 Kh7
45. Kd3 h5 46. Nd5 h4 47. Nxf6+ Bxf6 48. Kxe4 hxg3 49. Nf3 Kg6 50. Ne1 Kh5 51.
Kf5 Bd4 52. Ng2 Bf2 53. Ke4 Kg6 54. Ke5 Kg7 55. Kf5 Kh6 56. Ke5 Kg6 57. Ke6 Bd4
58. Kd5 Bc5 59. Ke5 g4 60. hxg4 Kg5 61. Ke4 Kxg4 62. Nf4 Bd6 63. Ng2 Ba3 64.
Ne3+ Kh3 65. Kf3 Bc1 66. c5 $1 Bxe3 67. c6 g2 68. c7 g1=Q 69. c8=Q+ Kh4 70.
Qd8+ Qg5 71. Qh8+ Qh6 72. Qe5 Qf8+ 73. Kxe3 Qa3+ 74. Ke4 Qb4+ 75. Kf5 Qg4+ 76.
Kf6 Qd7 $4 77. Qf4+ Kh3 78. Qf5+ 1-0

[Event "Werner-Ott-Open Kreuzberger Sommer 2018"]
[Site "Berlin"]
[Date "2018.07.03"]
[Round "4.4"]
[White "Bui, Bao Anh Le"]
[Black "Radovanovic, Jovica"]
[Result "0-1"]
[WhiteElo "1883"]
[BlackElo "2311"]
[Annotator "Lange,A1&BB_R_640941"]
[PlyCount "72"]
[EventDate "2018.06.30"]
[EventType "swiss"]
[EventRounds "9"]
[EventCountry "GER"]
[SourceTitle "WOOKS_2018_R4"]
[Source "Andreas Lange"]
[SourceDate "2018.07.03"]
[SourceVersion "1"]
[SourceVersionDate "2018.07.03"]
[SourceQuality "1"]
[WhiteTeam "SV Mattnetz Berlin"]
[BlackTeam "vereinslos"]
[WhiteTeamCountry "GER"]

{B40: Sizilianisch (Klassisches System mit e7-e6)} 1. e4 c5 2. Nf3 e6 3. c4 Nc6
4. Nc3 e5 5. Be2 g6 6. d3 Bg7 7. O-O Nge7 8. Ne1 $146 (8. Be3 d6 9. Ne1 O-O 10.
f4 exf4 11. Bxf4 Nd4 12. Qd2 a6 13. Bh6 b5 14. Nf3 Nec6 15. Bxg7 Kxg7 16. Rf2
Qe7 17. Nd5 Nxf3+ 18. Rxf3 Qe5 19. Raf1 bxc4 20. dxc4 Qxe4 21. Rf4 Qe5 22. Rh4
g5 {Zhou,L (1720)-Bashylina,L (1764), Willingen, DEM 2018 U12, ½-½}) 8... d6
9. Nc2 O-O 10. Nd5 h6 11. f4 exf4 12. Bxf4 Nxd5 13. cxd5 Ne5 14. Qd2 Kh7 15. d4
cxd4 16. Nxd4 Bd7 17. Qb4 Qb6 18. Qxb6 axb6 19. Bb5 Ng4 20. Bxd7 Bxd4+ 21. Kh1
Nf2+ 22. Kg1 Nxe4+ 23. Kh1 Nf2+ 24. Kg1 Nd3+ 25. Kh1 Be5 26. Be3 Nxb2 27. Rac1
Nd3 28. Rc7 Nc5 29. Be6 Bg7 30. Rfxf7 Rxf7 31. Rxf7 Kh8 32. Bxc5 bxc5 33. Rxb7
Be5 34. Rf7 c4 35. g3 c3 36. Rd7 Rb8 {Rest unleserlich.} 0-1

[Event "Werner-Ott-Open Kreuzberger Sommer 2018"]
[Site "Berlin"]
[Date "2018.07.03"]
[Round "4.5"]
[White "Rehberg, Raphael"]
[Black "Sommaro, Katja"]
[Result "1-0"]
[WhiteElo "2279"]
[BlackElo "2087"]
[Annotator "Lange,A1&BB_R_640941"]
[PlyCount "63"]
[EventDate "2018.06.30"]
[EventType "swiss"]
[EventRounds "9"]
[EventCountry "GER"]
[SourceTitle "WOOKS_2018_R4"]
[Source "Andreas Lange"]
[SourceDate "2018.07.03"]
[SourceVersion "1"]
[SourceVersionDate "2018.07.03"]
[SourceQuality "1"]
[WhiteTeam "SG Lok Brandenburg"]
[BlackTeam "SV Berolina Mitte"]
[WhiteTeamCountry "GER"]
[BlackTeamCountry "GER"]

{[%mdl 8256] B07: Pirc-Ufimzew-Verteidigung} 1. e4 d6 2. d4 Nf6 3. Nc3 g6 4. f3
Bg7 5. Be3 c6 6. Qd2 b5 7. a3 (7. a4 b4 8. Nce2 (8. Nd1 a5 9. Nf2 Ba6 10. Nd3
Nbd7 11. Nh3 Qc7 12. Be2 O-O 13. O-O Rfd8 14. Rac1 c5 15. c3 b3 16. Nhf2 Nb6
17. Bh6 c4 18. Ne1 Nxa4 19. Bxg7 Kxg7 20. Ng4 Nxg4 21. fxg4 e5 22. g5 Bc8 {
Roth,J (2032)-Oelmann,H (1992), Berlin, Lichtenberger Sommer 2017, 1-0 (71)})
8... Qa5 9. c3 bxc3 10. Qxc3 Qd8 11. Qd2 Nbd7 12. Nc3 Qa5 13. Bd3 Rb8 14. Nge2
O-O 15. O-O Qb4 16. Rab1 c5 17. Qd1 Bb7 18. Bb5 a6 19. Na2 Qa5 20. Bc4 cxd4 21.
b4 Qc7 {Bruedigam,M (2375)-Valdes,L (2362), Berlin Meierei Bolle, Blitz WM
2015, 0-1}) 7... O-O $146 (7... a6 8. Bh6 Bxh6 9. Qxh6 e5 (9... Qc7 10. g3 Bb7
11. Bh3 c5 12. d5 Nbd7 13. Nge2 O-O-O 14. O-O Kb8 15. b3 Ne5 16. Nd1 Rdg8 17.
Qd2 g5 18. Ne3 h5 19. Bg2 g4 20. fxg4 hxg4 21. c4 Nf3+ 22. Bxf3 gxf3 23. Rxf3
Nxe4 24. Qd3 {Lehmann,K-Fette,M, Bundesliga Nord 1977/78, Deutschland 1978,
0-1 (31)}) 10. dxe5 dxe5 11. Rd1 Qe7 12. Bd3 Be6 13. Nh3 Ng8 14. Qg5 Bxh3 15.
Qxe7+ Kxe7 16. gxh3 Nf6 17. O-O Nh5 18. Ne2 Nd7 19. f4 f6 20. fxe5 fxe5 21. Rf3
Raf8 22. Rxf8 {Kirmas,J (1958)-Glatthor,T (2047), Berlin, DSenMMdLV 2015, 0-1 
(31)}) (7... Bb7 8. Bd3 Nbd7 9. Nge2 e5 10. d5 a6 11. dxc6 Bxc6 12. O-O O-O 13.
Rfd1 Nc5 14. Nc1 Qc7 15. Be2 Rfd8 16. N1a2 Ne6 17. Nb4 Bb7 18. a4 Nd4 19. axb5
a5 20. Na6 Bxa6 21. bxa6 d5 22. Bxd4 {Kunz,A (1952)-Nietsch,H (2052), Berlin
OBT 2008, 1-0 (39)}) 8. Bh6 e5 9. Nge2 Nbd7 10. h4 Qb6 11. Bxg7 Kxg7 12. h5 Re8
13. dxe5 dxe5 14. g4 Nf8 15. O-O-O Be6 16. Ng3 Rab8 17. b3 Rbd8 18. Bd3 a5 19.
Nf5+ Bxf5 20. exf5 Qc5 21. hxg6 fxg6 22. Qh6+ Kf7 23. Kb2 b4 24. fxg6+ hxg6 25.
axb4 axb4 26. Na4 Qd4+ 27. Kb1 Qf4 28. g5 Nd5 29. Bxg6+ $1 Nxg6 30. Qh7+ Ke6
31. Nc5+ Kd6 32. Nb7+ 1-0

[Event "Werner-Ott-Open Kreuzberger Sommer 2018"]
[Site "Berlin"]
[Date "2018.07.03"]
[Round "4.6"]
[White "Woerz, Markus"]
[Black "Wierzbicki, Jirawat"]
[Result "0-1"]
[WhiteElo "2007"]
[BlackElo "2161"]
[Annotator "Lange,A1&BB_R_640941"]
[PlyCount "29"]
[EventDate "2018.06.30"]
[EventType "swiss"]
[EventRounds "9"]
[EventCountry "GER"]
[SourceTitle "WOOKS_2018_R4"]
[Source "Andreas Lange"]
[SourceDate "2018.07.03"]
[SourceVersion "1"]
[SourceVersionDate "2018.07.03"]
[SourceQuality "1"]
[WhiteTeam "SC Kreuzberg"]
[BlackTeam "SK Koenig Tegel 1949"]
[WhiteTeamCountry "GER"]
[BlackTeamCountry "GER"]

{C84: Spanische Partie (Mittelgambit)} 1. e4 e5 2. Nf3 Nc6 3. Bb5 a6 4. Ba4 Nf6
5. d4 exd4 6. O-O Be7 7. Re1 O-O 8. e5 Nd5 9. c3 (9. Nxd4 Nxd4 10. Qxd4 Nb6 11.
Bb3 d5 12. exd6 Bxd6 13. Qe4 Qf6 14. Nc3 Rb8 15. Qe3 Bf5 16. Ne4 Bxe4 17. Qxe4
Nd7 18. Qe3 Nc5 19. Qg5 {½-½ (19) Schulz,K (2330)-Cladouras,P (2290), 1.
Bundesliga 1983/84, Deutschland 1983}) 9... Nb6 10. Bc2 dxc3 11. Nxc3 d6 12.
exd6 Qxd6 13. Qe2 Bg4 14. Ne4 Qd5 15. Be3 $13 {"Handyklingeln".} 0-1

[Event "Werner-Ott-Open Kreuzberger Sommer 2018"]
[Site "Berlin"]
[Date "2018.07.03"]
[Round "4.7"]
[White "Kohler, Thomas"]
[Black "Weber, Erwin"]
[Result "1/2-1/2"]
[WhiteElo "2147"]
[BlackElo "1982"]
[Annotator "Lange,A1&BB_R_640941"]
[PlyCount "42"]
[EventDate "2018.06.30"]
[EventType "swiss"]
[EventRounds "9"]
[EventCountry "GER"]
[SourceTitle "WOOKS_2018_R4"]
[Source "Andreas Lange"]
[SourceDate "2018.07.03"]
[SourceVersion "1"]
[SourceVersionDate "2018.07.03"]
[SourceQuality "1"]
[WhiteTeam "SC Zitadelle Spandau 1977"]
[BlackTeam "SC Weisse Dame"]
[WhiteTeamCountry "GER"]
[BlackTeamCountry "GER"]

{A04: Holländisches System ohne Übergang in andere Systeme} 1. Nf3 f5 2. d3 Nc6
3. d4 (3. e4 e5 4. d4 (4. Nc3 Nf6 5. exf5 d5 6. d4 exd4 7. Nxd4 Nxd4 8. Qxd4
Bxf5 9. Bd3 Bxd3 10. Qxd3 c6 11. Bd2 Qd7 12. O-O-O Be7 13. h3 O-O-O 14. Rhe1
Bc5 15. f3 Bb4 {Weber,E (2077)-Moser,A (2179) Berlin, BEM 2017 Klasse M ½-½ 
(15)}) 4... fxe4 5. Nxe5 Qf6 6. f4 d6 7. Nxc6 bxc6 8. d5 Bd7 9. Nc3 Qg6 10. Qd4
Nf6 11. dxc6 Bxc6 12. Be3 d5 13. Bb5 Bxb5 14. Qe5+ Kd7 15. Nxb5 Bb4+ 16. c3 Bd6
17. Nxd6 cxd6 {Svane,R (2579)-Kindermann,S (2506), 1. Bundesliga 2017/18,
Berlin 2018 1-0}) 3... e6 4. c4 d5 $146 (4... Nf6 5. g3 Bb4+ 6. Bd2 Bxd2+ 7.
Qxd2 Ne4 8. Qd3 Qe7 9. a3 b6 10. Nc3 Ba6 11. Nxe4 fxe4 12. Qxe4 Bxc4 13. Qc2
Ba6 14. Bg2 O-O 15. Rd1 Rac8 16. O-O Qf6 17. Rd2 h6 18. Qa4 Bb7 19. Ne5 {
Gelfand,B (2741)-Vallejo Pons,F (2684) Berlin Meierei Bolle, Blitz WM 2015
½-½ (31)}) 5. g3 Nf6 6. Bg2 Bb4+ 7. Bd2 Be7 8. O-O O-O 9. b3 Ne4 10. Bc1 Bf6
11. Bb2 Bd7 12. Na3 Be8 13. Nc2 Bh5 14. Nce1 g5 15. Rc1 Bg7 16. Ne5 Nxe5 17.
dxe5 dxc4 18. Qc2 cxb3 19. axb3 c6 20. Nd3 Qb6 21. Kh1 g4 1/2-1/2